Airlines Quiz 2 - Statistics

General Stats
  • This quiz has been taken 677 times
  • The average score is 11 of 20
Answer Stats
Hint Answer % Correct
Emirates UAE
96%
Royal Air Maroc Morocco
81%
Lion Air Indonesia
76%
Rossiya Russia
76%
AirAsia Malaysia
75%
Asiana Airlines South Korea
75%
BMI Regional UK
75%
Avianca Colombia
71%
Kingfisher Airlines India
68%
Air Europa Spain
68%
TAROM Romania
55%
Mahan Air Iran
54%
Sunwing Airlines Canada
48%
Onur Air Turkey
46%
Blue Panorama Italy
39%
Arik Air Nigeria
33%
Happy Air Thailand
33%
Arab Wings Jordan
28%
AeroUnion Mexico
28%
BH Air Bulgaria
25%
No matching quizzes found
Score Distribution
Percent of People with Each Score
Percentile by Number Answered
Your Score History
You have not taken this quiz